1251 1213 1546 1871 1216 1738 1931 1970 1117 1286 1409 1516 1972 1938 1776 1033 1503 1467 1610 1734 1156 1132 1684 1833 1793 1403 1848 1047 1965 1260 1707 1768 1540 1258 1573 1976 1464 1815 1209 1949 1766 1204 1270 1433 1236 1976 1987 1151 1979 1677 1401 1280 1761 1013 1742 1972 1313 1121 1426 1819 1247 1605 1538 1762 1166 1068 1090 1433 1443 1821 1408 1692 1968 1304 1367 1056 1918 1850 1418 1974 1048 1151 1391 1991 1031 1018 1604 1160 1524 1966 1588 1506 1684 1962 1967 1687 1978 1155 1423 BCNSPRNW ULIB Ver.6.0+V

เปลี่ยนเป็นภาษาไทย

Change to English
 แสดงรายละเอียดบรรณานุกรม
  กลับหน้าหลัก

Brief Record : Get Marc (ISO 2709) : E-mail record : QR code < ปิดหน้าต่าง
LEADER : 00000nam 2200000uu 4500
001    13399114888
003     ULIB
008    120615s2551||||th 000 0 tha d
020    ^a9789749557723
060  4 ^aWM105^bก961ส
100 0  ^aโกศล วงศ์สวรรค์
245 10 ^aสุขภาพจิต =^bMental Health /^cโกศล วงศ์สวรรค์, เลิศลักษณ์วงศ์สวรรค์
246 31 ^aMental health
260    ^aกรุงเทพฯ :^bรวมสาส์น,^c2551
300    ^a299 หน้า
504    ^aบรรณานุกรม: หน้า 289-298
650  4 ^aสุขภาพจิต
650  4 ^aจิตเวชศาสตร์
700 0  ^aเลิศลักษณ์ วงศ์สวรรค์,^eผู้แต่งร่วม
945    ^p245^l0^i15761
945    ^p245^l0^i16047
945    ^p245^l0^i15395
995    ^aกัณชพร
999    ^aใช้งานได้ทุกระบบ
รายการนี้ยังไม่มีแท็ก
คุณยังไม่ได้ล็อกอิน คุณสามารถมีกิจกรรมร่วมกับเว็บไซต์ได้ แต่ต้องล็อกอินก่อน ::
  ล็อกอิน

รายการสื่อสารสนเทศ

ลำดับที่ ประเภท เลขเรียก/บาร์โค้ด สถานที่ สถานะ
1. วิทยาศาสตร์การแพทย์ และสุขภาพ
วิทยาศาสตร์การแพทย์ และสุขภาพ
WM105 ก961ส  
  Barcode: 15761
ห้องสมุดวิทยาเขตสวรรค์ประชารักษ์
►ส่วนจัดเก็บหนังสือเก่า สปร
บนชั้น
  ขอยืม
2. วิทยาศาสตร์การแพทย์ และสุขภาพ
วิทยาศาสตร์การแพทย์ และสุขภาพ
WM105 ก961ส ฉ.1 
  Barcode: 15395
ห้องสมุดวิทยาเขตสวรรค์ประชารักษ์
►ส่วนจัดเก็บหนังสือเก่า สปร
บนชั้น
  ขอยืม
3. วิทยาศาสตร์การแพทย์ และสุขภาพ
วิทยาศาสตร์การแพทย์ และสุขภาพ
WM105 ก961ส ฉ.3 
  Barcode: 16047
ห้องสมุดวิทยาเขตสวรรค์ประชารักษ์
►ส่วนจัดเก็บหนังสือเก่า สปร
บนชั้น
  ขอยืม

รายการใกล้เคียง
    ผู้แต่ง [โกศล วงศ์สวรรค์]

    หัวเรื่อง [สุขภาพจิต]
    หัวเรื่อง [จิตเวชศาสตร์]

BibComment


ยังไม่เคยถูกคอมเมนท์

คอมเมนท์ทรัพยากรรายการนี้
  คอมเมนท์: สุขภาพจิต Menta..


 Copyright 2026. Bcnsprnw @Library